|
|
|
|
| LEADER |
00000cam a2200000 7i4500 |
| 001 |
0000004121 |
| 005 |
20180330.0 |
| 020 |
0 |
0 |
|a 9780733323539
|
| 090 |
0 |
0 |
|a 778.59092
|b BOB 2010
|
| 100 |
1 |
0 |
|a Wurth,Bob.
|
| 245 |
1 |
0 |
|a Capturing Asia : :
|b An ABC camerama's journey through momentous events and turbulent history
|c Bob Wurth
|
| 260 |
0 |
0 |
|a Sydney, Australia :
|b HarperCollinsPublishers ,
|c 2010
|
| 300 |
|
|
|a ix, 220 p. :
|b ill., plates ;
|c 24 cm.
|
| 500 |
0 |
0 |
|a Includes index
|
| 650 |
0 |
0 |
|a Australia Broadcasting Corporation---Employees---Biography
|
| 650 |
0 |
0 |
|a Australia Broadcasting Corporation----History
|
| 999 |
|
|
|a 007990
|b Monograph
|c Open Shelf
|e Default branch
|